| 000 | 00385nam a22001577a 4500 | ||
|---|---|---|---|
| 005 | 20171117121717.0 | ||
| 008 | 171117b xxu||||| |||| 00| 0 eng d | ||
| 020 | _a0099455048 | ||
| 040 | _cPK-LaUMT | ||
| 082 |
_aPKAC 303.6 _bCHU-W |
||
| 100 | _aChua , Amy | ||
| 245 |
_aWorld on fire/ _cAmy Chua |
||
| 260 |
_aLondon: _bWilliam Heinemann, _c2003 |
||
| 300 | _a346 p. | ||
| 942 | _cBK | ||
| 999 |
_c100078 _d100078 |
||